Philippine provinces capital to biggest city - Statistics

General Stats
  • This quiz has been taken 19 times
  • The average score is 6 of 12
Answer Stats
Province Provincial Capital Biggest city % Correct
Manila City of Manila Quezon city
94%
Pampanga San Fernando Angeles city
69%
Benguet La Trinidad Baguio
63%
Laguna Santa Rosa Calamba
56%
Zambales Iba Olongapo
56%
Batangas Batangas City Lipa
50%
Bulacan City of Malolos San Jose del Monte
50%
Nueva Ecija Palayan Cabanatuan
44%
Cavite Imus Dasmariñas
44%
Aurora Baler Maria Aurora
31%
Pangasinan Lingayen San Carlos
31%
Ilocos sur Vigan Candon
25%
No matching quizzes found
Score Distribution
Percent of People with Each Score
Percentile by Number Answered
Your Score History
You have not taken this quiz